Elenco do Corinthians - Statistics

Estatísticas Gerais
  • Esse quiz foi jogado 1 047 vezes
    862 desde o último reset
  • A pontuação média é 24 de 33
Estatísticas das Respostas
Posição Jogador % Correto
LE Hugo
99%
GOL Hugo Souza
97%
ATA Yuri Alberto
97%
MC Garro
95%
LE Matheus Bidu
92%
ATA Memphis Depay
92%
GOL Matheus Donelli
91%
LD Matheuzinho
89%
ZC André Ramalho
88%
ATA Romero
88%
ZC Gustavo Henrique
86%
ZC Cacá
85%
ZC Félix Torres
85%
MC Breno Bidon
84%
VOL Raniele
81%
VOL José Martinez
80%
LD Fagner
77%
ATA Talles Magno
75%
ATA Pedro Raul
74%
MC Coronado
73%
GOL Felipe Longo
71%
MC Charles
68%
LE Diego Palacios
68%
MC André Carrillo
62%
VOL Maycon
62%
MC Ryan
61%
MC Alex Santana
59%
ATA Héctor Hernández
57%
ATA Pedro Henrique
56%
ATA Giovane
53%
ZC Caetano
45%
MC Matheus Araújo
28%
MC Ruan Oliveira
19%
Nenhum quiz correspondente encontrado
Distribuição das Pontuações
Porcentagem de Pessoas com Cada Pontuação
Percentil de Números Respondidos
Sua Pontuação Histórica
Você não jogou esse quiz desde o último reset